[Event "EWICC 2019"]
[Site "Antalya"]
[Date "2019.04.14"]
[Round "4.41"]
[White "Beydullayeva, Govhar"]
[Black "Caglar, Sila"]
[Result "0-1"]
[WhiteElo "2316"]
[BlackElo "2140"]
[Annotator "NA"]
[PlyCount "69"]
[EventDate "2019.04.11"]
[EventType "swiss"]
[EventCountry "TUR"]
[SourceTitle "playchess.com"]
[Source "ChessBase"]
[SourceQuality "1"]

1. d4 Nf6 2. Nf3 e6 3. g3 d5 4. Bg2 b5 5. b3 c5 6. c4 bxc4 7. bxc4 Bb7 8. O-O Nbd7 9. cxd5 exd5 10. dxc5 Bxc5 11. Nbd2 O-O 12. Nb3 Bb6 13. Bb2 Re8 14. Nbd4 Nc5 15. Nf5 Ba6 16. N3d4 Qd7 17. Bh3 Ne6 18. Kg2 Qd8 19. Nc6 Qd7 20. Bxf6 Qxc6 21. Ne7+ Rxe7 22. Bxe7 d4+ 23. f3 Re8 24. Rc1 Qd5 25. Qa4 Bb5 26. Bxe6 fxe6 27. Qa3 Bxe2 28. Rf2 d3 29. Bc5 d2 30. Bxb6 dxc1=Q 31. Qxc1 Bxf3+ 32. Rxf3 Rf8 33. Qf1 Rxf3 34. Qxf3 axb6 35. a4 0-1

[Event "EWICC 2019"]
[Site "Antalya"]
[Date "2019.04.14"]
[Round "4.42"]
[White "Anacoglu, Cisel"]
[Black "Garcia Martin, Marta"]
[Result "0-1"]
[WhiteElo "1958"]
[BlackElo "2315"]
[Annotator "NA"]
[PlyCount "62"]
[EventDate "2019.04.11"]
[EventType "swiss"]
[EventCountry "TUR"]
[SourceTitle "playchess.com"]
[Source "ChessBase"]
[SourceQuality "1"]

1. e4 c5 2. Nf3 e6 3. d4 cxd4 4. Nxd4 Nc6 5. Nc3 d6 6. g3 Nf6 7. Bg2 Bd7 8. O-O Be7 9. Be3 a6 10. Nxc6 Bxc6 11. f4 O-O 12. a4 Qc7 13. a5 Nd7 14. Qd2 Rac8 15. Rfd1 Rfe8 16. b4 b5 17. Ra3 Nf6 18. Rb3 Qb7 19. Qd3 Qa8 20. h3 Bb7 21. Bd4 Rc4 22. Re1 Rec8 23. Re2 d5 24. exd5 Nxd5 25. Nxd5 Bxd5 26. c3 Bxg2 27. Rxg2 Qd5 28. Qe3 Rd8 29. Rc2 Bf6 30. Rd2 h5 31. Kf2 h4 0-1

[Event "EWICC 2019"]
[Site "Antalya"]
[Date "2019.04.14"]
[Round "4.43"]
[White "Gokbulut, Julia"]
[Black "Zimina, Olga"]
[Result "0-1"]
[WhiteElo "2021"]
[BlackElo "2377"]
[Annotator "NA"]
[PlyCount "164"]
[EventDate "2019.04.11"]
[EventType "swiss"]
[EventCountry "TUR"]
[SourceTitle "playchess.com"]
[Source "ChessBase"]
[SourceQuality "1"]

1. d4 d5 2. c4 c6 3. Nf3 Nf6 4. Qb3 dxc4 5. Qxc4 Bf5 6. g3 e6 7. Bg2 Nbd7 8. O-O Be7 9. e3 O-O 10. Rd1 Qc7 11. Nc3 Ne4 12. Ne1 Nxc3 13. bxc3 e5 14. e4 Bg4 15. f3 Be6 16. Qe2 Nb6 17. Be3 Rfd8 18. f4 f6 19. Nf3 Nc4 20. fxe5 fxe5 21. Bh3 Bf7 22. Ng5 Bxg5 23. Bxg5 Re8 24. Bg2 h6 25. Be3 Qa5 26. Rdc1 Rad8 27. Bf2 Nd6 28. Qg4 Nb5 29. dxe5 Nxc3 30. Be1 Qb6+ 31. Bf2 Qb2 32. Bf1 Rxe5 33. Qf3 Nxe4 34. Rab1 Qxf2+ 35. Qxf2 Nxf2 36. Kxf2 Re7 37. Rb2 Rd4 38. Bg2 Bd5 39. Bxd5+ Rxd5 40. a4 Kf8 41. Rc3 Ke8 42. h4 Kd8 43. Kf3 Rf7+ 44. Kg2 Rfd7 45. Rcc2 Kc7 46. Kh3 Rd4 47. Ra2 Kb6 48. Rab2+ Ka5 49. Rc5+ Kxa4 50. Ra2+ Kb4 51. Rcc2 a6 52. Rab2+ Ka5 53. Rc5+ Ka4 54. Ra2+ Kb4 55. Rca5 Kc4 56. R2a4+ Kd3 57. Ra3+ Ke4 58. Rb3 R4d5 59. Ra4+ Ke5 60. Re3+ Kd6 61. Rae4 a5 62. Ra3 Kc7 63. Re6 Kb6 64. Rb3+ Kc5 65. Re4 b5 66. Rc3+ Kb6 67. Re8 a4 68. Rb8+ Rb7 69. Rc8 Rd6 70. Kg4 b4 71. Rc4 Kb5 72. Rc1 a3 73. Ra8 c5 74. Kf5 c4 75. Ke5 Rc6 76. Kd5 Rc5+ 77. Kd4 Rd7+ 78. Ke4 c3 79. Rb8+ Ka4 80. Ra8+ Ra5 81. Rb8 a2 82. Kf4 Kb3 0-1

[Event "EWICC 2019"]
[Site "Antalya"]
[Date "2019.04.14"]
[Round "4.44"]
[White "Cornette, Deimante"]
[Black "Narva, Triin"]
[Result "1-0"]
[WhiteElo "2464"]
[BlackElo "2129"]
[Annotator "TA"]
[PlyCount "105"]
[EventDate "2019.04.11"]
[EventType "swiss"]
[EventCountry "TUR"]
[SourceTitle "playchess.com"]
[Source "ChessBase"]
[SourceQuality "1"]

1. e4 c5 2. Nf3 e6 3. d4 cxd4 4. Nxd4 Nc6 5. Nc3 Qc7 6. Be2 Nf6 7. O-O a6 8. Be3 Bb4 9. Na4 Be7 10. Nxc6 bxc6 11. Nb6 Rb8 12. Nxc8 Qxc8 13. Bd4 c5 14. Be5 Rb6 15. Qd3 d6 16. Bc3 O-O 17. b3 d5 18. exd5 Nxd5 19. Be5 Bf6 20. Bxf6 Nxf6 21. Rfd1 Qc7 22. Bf3 h6 23. Rd2 Rc8 24. Rad1 a5 25. Qc4 Rb4 26. Qa6 Rbb8 27. Rd6 Rd8 28. Qc6 Qxc6 29. Rxc6 Rxd1+ 30. Bxd1 Rd8 31. Bf3 g5 32. Rxc5 g4 33. Be2 Rd2 34. Kf1 Ne4 35. Rc8+ Kg7 36. Ke1 Rd4 37. c3 Rd5 38. Bxg4 Rd3 39. Be2 Rxc3 40. Rxc3 Nxc3 41. a3 Kf6 42. Kd2 Nd5 43. Bf3 Nb6 44. Kc3 Ke5 45. b4 a4 46. b5 Kd6 47. Kb4 e5 48. g4 f6 49. Bc6 Kc7 50. Ka5 e4 51. Bxe4 Nd7 52. f3 Nb6 53. Bc6 1-0

[Event "EWICC 2019"]
[Site "Antalya"]
[Date "2019.04.14"]
[Round "4.45"]
[White "Khukhashvili, Sopiko"]
[Black "Kejzar, Petra"]
[Result "1-0"]
[WhiteElo "2342"]
[BlackElo "2082"]
[Annotator "NA"]
[PlyCount "83"]
[EventDate "2019.04.11"]
[EventType "swiss"]
[EventCountry "TUR"]
[SourceTitle "playchess.com"]
[Source "ChessBase"]
[SourceQuality "1"]

1. e4 c5 2. Nf3 e6 3. c4 Nc6 4. Nc3 e5 5. Be2 g6 6. d3 Bg7 7. a3 Nge7 8. Bd2 O-O 9. h4 a6 10. h5 Nd4 11. hxg6 hxg6 12. b4 d6 13. Rb1 cxb4 14. axb4 Nxf3+ 15. Bxf3 Be6 16. Qc1 f6 17. Be3 b6 18. Qd2 Qc7 19. Rc1 Rfc8 20. Ke2 Qd8 21. b5 a5 22. Na4 Rcb8 23. g3 Ra7 24. Rh2 Kf8 25. Bg2 Nc8 26. Rch1 Bg8 27. f4 Re7 28. Kd1 Na7 29. Qf2 Reb7 30. Kd2 Qc7 31. Rc1 Nc8 32. g4 Qd8 33. Bh3 Be6 34. f5 gxf5 35. gxf5 Bg8 36. Rg2 d5 37. exd5 Nd6 38. Qh4 Ne8 39. Rcg1 Qe7 40. Nc3 Qb4 41. Rb1 Qe7 42. Bh6 1-0

[Event "EWICC 2019"]
[Site "Antalya"]
[Date "2019.04.14"]
[Round "4.46"]
[White "Protopopova, Anastasiya"]
[Black "Soyunlu, Narmin"]
[Result "1-0"]
[WhiteElo "2308"]
[BlackElo "2064"]
[Annotator "NA"]
[PlyCount "69"]
[EventDate "2019.04.11"]
[EventType "swiss"]
[EventCountry "TUR"]
[SourceTitle "playchess.com"]
[Source "ChessBase"]
[SourceQuality "1"]

1. d4 Nf6 2. c4 e6 3. Nc3 Bb4 4. e3 O-O 5. Nge2 d5 6. cxd5 exd5 7. g3 Re8 8. Bg2 c6 9. O-O Na6 10. f3 c5 11. a3 Ba5 12. dxc5 Bxc3 13. Nxc3 Nxc5 14. b4 Ne6 15. f4 Nc7 16. Qd3 b6 17. Bb2 Bb7 18. Rac1 Qe7 19. Rfe1 Rad8 20. Nd1 Ne6 21. Nf2 Nf8 22. Qd4 Ne6 23. Qd3 Nf8 24. Be5 N8d7 25. Bd4 Nf8 26. Bh3 Ne4 27. Be5 Nd7 28. Bb2 f6 29. Nxe4 dxe4 30. Qb3+ Kf8 31. Rc7 Ba6 32. b5 Bc8 33. Rec1 Qd6 34. a4 Ne5 35. fxe5 1-0

[Event "EWICC 2019"]
[Site "Antalya"]
[Date "2019.04.14"]
[Round "4.47"]
[White "Mamedjarova, Zeinab"]
[Black "Sahin, Handenur"]
[Result "1-0"]
[WhiteElo "2280"]
[BlackElo "2017"]
[Annotator "NA"]
[PlyCount "69"]
[EventDate "2019.04.11"]
[EventType "swiss"]
[EventCountry "TUR"]
[SourceTitle "playchess.com"]
[Source "ChessBase"]
[SourceQuality "1"]

1. d4 d5 2. e3 Nf6 3. Bd3 c5 4. Nd2 Nc6 5. Ngf3 Bg4 6. h3 Bh5 7. c3 e6 8. O-O Be7 9. dxc5 Bxc5 10. Qa4 O-O 11. c4 Qe7 12. a3 a5 13. b3 Nd7 14. cxd5 Nb6 15. Qb5 Nxd5 16. Bb2 Rfd8 17. Ne4 Bxf3 18. gxf3 Ba7 19. f4 h6 20. Kh2 e5 21. Rg1 Bb8 22. Rad1 Ra6 23. Bc2 Nc7 24. Rxd8+ Nxd8 25. Qxe5 Qxe5 26. Bxe5 g6 27. Nf6+ Kf8 28. Nd7+ Ke7 29. Nxb8 Ra8 30. Bxc7 Ne6 31. Be5 f6 32. Bxf6+ Kxf6 33. Nd7+ Ke7 34. Nb6 Ra6 35. Nc4 1-0

[Event "EWICC 2019"]
[Site "Antalya"]
[Date "2019.04.14"]
[Round "4.48"]
[White "Rakhmangulova, Anastasiya"]
[Black "Chan, Naruna"]
[Result "1-0"]
[WhiteElo "2255"]
[BlackElo "2004"]
[Annotator "NA"]
[PlyCount "81"]
[EventDate "2019.04.11"]
[EventType "swiss"]
[EventCountry "TUR"]
[SourceTitle "playchess.com"]
[Source "ChessBase"]
[SourceQuality "1"]

1. e4 e5 2. Nf3 Nc6 3. Bc4 Nf6 4. d3 Be7 5. Bb3 O-O 6. O-O d6 7. c3 Bg4 8. Nbd2 d5 9. h3 Bh5 10. Re1 dxe4 11. dxe4 Bc5 12. Qe2 Qe7 13. Nf1 Kh8 14. Ng3 Bg6 15. Bg5 h6 16. Bh4 Bd6 17. Nd2 Qd8 18. Ba4 Be7 19. Bxc6 bxc6 20. Rad1 Nd7 21. Bxe7 Qxe7 22. Nc4 Nb6 23. Ne3 Qe6 24. Qa6 f6 25. Rd2 Bf7 26. b3 Qc8 27. Qa5 Rd8 28. Red1 Rxd2 29. Rxd2 Be6 30. Ngf5 Qf8 31. Qa6 g6 32. Nh4 Qf7 33. Qb7 c5 34. Qc6 c4 35. bxc4 Rg8 36. c5 Nc8 37. Nd5 Rd8 38. Nxg6+ Kh7 39. Nxf6+ Kxg6 40. Rxd8 Qxf6 41. Rxc8 1-0

[Event "EWICC 2019"]
[Site "Antalya"]
[Date "2019.04.14"]
[Round "4.49"]
[White "Aydin, Gulenay"]
[Black "Chernyak, Viktoria"]
[Result "0-1"]
[WhiteElo "1936"]
[BlackElo "2252"]
[Annotator "NA"]
[PlyCount "78"]
[EventDate "2019.04.11"]
[EventType "swiss"]
[EventCountry "TUR"]
[SourceTitle "playchess.com"]
[Source "ChessBase"]
[SourceQuality "1"]

1. e4 c6 2. d4 d5 3. exd5 cxd5 4. c4 Nf6 5. Nc3 e6 6. Nf3 Be7 7. cxd5 Nxd5 8. a3 O-O 9. Bd3 Nf6 10. O-O Nbd7 11. Be3 Nb6 12. Rc1 Nbd5 13. Qe2 b6 14. Rfd1 Bb7 15. Ne4 Nxe3 16. Nxf6+ Bxf6 17. fxe3 Qd6 18. Bb1 Rac8 19. Rxc8 Rxc8 20. e4 Qf4 21. Bc2 g6 22. Rd2 Bg7 23. g3 Qc7 24. Bd1 Qc1 25. Kg2 Bh6 26. Rc2 Rxc2 27. Bxc2 Qxb2 28. a4 Qc3 29. Bd3 Bg7 30. Kh3 Bxd4 31. Nxd4 Qxd4 32. Qc2 Kg7 33. Qe2 Bc6 34. Bc2 e5 35. g4 h6 36. Qf3 Bxa4 37. Bb1 Qd1 38. Qc3 Qxb1 39. Qxe5+ Kh7 0-1

[Event "EWICC 2019"]
[Site "Antalya"]
[Date "2019.04.14"]
[Round "4.50"]
[White "Sade, Defne"]
[Black "Rodshtein, Tereza"]
[Result "0-1"]
[WhiteElo "2013"]
[BlackElo "2234"]
[Annotator "NA"]
[PlyCount "64"]
[EventDate "2019.04.11"]
[EventType "swiss"]
[EventCountry "TUR"]
[SourceTitle "playchess.com"]
[Source "ChessBase"]
[SourceQuality "1"]

1. e4 e6 2. d4 d5 3. Nd2 c5 4. exd5 Qxd5 5. Ngf3 cxd4 6. Bc4 Qd7 7. O-O Nf6 8. Nb3 Nc6 9. Nfxd4 Nxd4 10. Nxd4 a6 11. Re1 Qc7 12. Bf1 Be7 13. g3 O-O 14. Bf4 Qb6 15. Bg2 Rd8 16. c3 Qxb2 17. Qf3 Nd5 18. Rac1 Qxa2 19. Red1 Bf6 20. Ne2 Bd7 21. c4 Nxf4 22. Nxf4 Bc6 23. Qg4 Rxd1+ 24. Qxd1 Bxg2 25. Kxg2 Rd8 26. Qf3 Rd2 27. c5 Bd4 28. Nh3 Qb2 29. Rc4 Qb5 30. c6 Qxc4 31. cxb7 Rb2 32. Ng5 Qd5 0-1

[Event "EWICC 2019"]
[Site "Antalya"]
[Date "2019.04.14"]
[Round "4.51"]
[White "Kusenkova, Natallia"]
[Black "Hereklioglu, Sude"]
[Result "0-1"]
[WhiteElo "2211"]
[BlackElo "1948"]
[Annotator "NA"]
[PlyCount "64"]
[EventDate "2019.04.11"]
[EventType "swiss"]
[EventCountry "TUR"]
[SourceTitle "playchess.com"]
[Source "ChessBase"]
[SourceQuality "1"]

1. d4 Nf6 2. c4 e6 3. Nf3 b6 4. g3 Bb7 5. Bg2 d5 6. O-O Nbd7 7. cxd5 exd5 8. Nc3 Be7 9. Bf4 a6 10. Rc1 O-O 11. Qc2 c5 12. Rfd1 Rc8 13. Qb1 b5 14. dxc5 Nxc5 15. e3 b4 16. Ne2 Nfe4 17. h4 a5 18. Bh3 Ra8 19. Ned4 Bd6 20. Nf5 Bxf4 21. exf4 g6 22. Ne3 Re8 23. Nd4 Qb6 24. Kg2 a4 25. Re1 Nxf2 26. Kxf2 Ne4+ 27. Kg2 Qxd4 28. Rcd1 Qb6 29. Qd3 d4 30. Nc4 Nc5+ 31. Kh2 Rxe1 32. Qc2 Rxd1 0-1

[Event "EWICC 2019"]
[Site "Antalya"]
[Date "2019.04.14"]
[Round "4.52"]
[White "Aghasiyeva, Fidan"]
[Black "Pintor, Ariana"]
[Result "1/2-1/2"]
[WhiteElo "2209"]
[BlackElo "1918"]
[Annotator "NA"]
[PlyCount "99"]
[EventDate "2019.04.11"]
[EventType "swiss"]
[EventCountry "TUR"]
[SourceTitle "playchess.com"]
[Source "ChessBase"]
[SourceQuality "1"]

1. e4 c6 2. d4 d5 3. Nc3 dxe4 4. Nxe4 Bf5 5. Ng3 Bg6 6. Nf3 Nd7 7. h4 h6 8. h5 Bh7 9. Bd3 Bxd3 10. Qxd3 e6 11. Bf4 Qa5+ 12. c3 Ngf6 13. a4 Be7 14. b4 Qb6 15. O-O Nd5 16. Bd2 N7f6 17. Rfe1 O-O 18. Ne5 Qc7 19. Rab1 b5 20. c4 bxc4 21. Qxc4 Rfc8 22. Rbc1 Rab8 23. Nxc6 Bxb4 24. Qd3 Bxd2 25. Qxd2 Ra8 26. Nf5 Qd7 27. Ne5 Qxa4 28. Nxh6+ gxh6 29. Qxh6 Qxd4 30. Qg5+ Kh7 31. Nxf7 Qg4 32. Qh6+ Kg8 33. Rxc8+ Rxc8 34. Qh8+ Kxf7 35. Qxc8 Nxh5 36. Qd7+ Kf6 37. Qxa7 Nhf4 38. Qd4+ Kf7 39. Qe4 Nf6 40. Qf3 Qxf3 41. gxf3 N6d5 42. Kh2 Kf6 43. Kg3 Kf5 44. Ra1 Ne2+ 45. Kg2 Ndf4+ 46. Kf1 Nd4 47. Ra3 Ng6 48. Ra7 Nxf3 49. Rf7+ Ke4 50. Ra7 1/2-1/2

[Event "EWICC 2019"]
[Site "Antalya"]
[Date "2019.04.14"]
[Round "4.53"]
[White "Motycakova, Monika"]
[Black "Tanir, Simay"]
[Result "1-0"]
[WhiteElo "2174"]
[BlackElo "1361"]
[Annotator "NA"]
[PlyCount "65"]
[EventDate "2019.04.11"]
[EventType "swiss"]
[EventCountry "TUR"]
[SourceTitle "playchess.com"]
[Source "ChessBase"]
[SourceQuality "1"]

1. e4 e6 2. d4 d5 3. Nd2 Nc6 4. Ngf3 Nf6 5. e5 Ng4 6. Nb3 Bd7 7. c3 f6 8. Nh4 f5 9. g3 Qe7 10. Be2 Nh6 11. Bxh6 gxh6 12. Bh5+ Kd8 13. Ng2 a5 14. a4 Qg7 15. Nf4 b6 16. Bf3 Rb8 17. Qe2 Ne7 18. c4 c6 19. O-O Ng6 20. Nh5 Qf7 21. cxd5 cxd5 22. Rfc1 Be7 23. Qa6 Bg5 24. Qa7 Ke7 25. Rc7 Rbd8 26. Qxb6 f4 27. Bg4 Rhf8 28. Qd6+ Ke8 29. Bxe6 Bxe6 30. Qxe6+ Ne7 31. Rxe7+ Bxe7 32. Nf6+ Qxf6 33. exf6 1-0

[Event "EWICC 2019"]
[Site "Antalya"]
[Date "2019.04.14"]
[Round "4.54"]
[White "Petrenko, Svetlana"]
[Black "Oz, Irem Ezra"]
[Result "1-0"]
[WhiteElo "2155"]
[BlackElo "1687"]
[Annotator "NA"]
[PlyCount "155"]
[EventDate "2019.04.11"]
[EventType "swiss"]
[EventCountry "TUR"]
[SourceTitle "playchess.com"]
[Source "ChessBase"]
[SourceQuality "1"]

1. c4 e5 2. Nc3 Nf6 3. g3 Bb4 4. Bg2 h6 5. e3 O-O 6. Nge2 Bxc3 7. Nxc3 d6 8. O-O Re8 9. Qc2 Nc6 10. a3 Be6 11. Nd5 Bxd5 12. cxd5 Ne7 13. e4 c6 14. dxc6 Nxc6 15. b4 Nd4 16. Qd3 Qb6 17. Bb2 Ne6 18. Kh1 a5 19. Bc3 axb4 20. Bxb4 Nd4 21. h3 Qa6 22. Qxa6 Rxa6 23. Rac1 Rc6 24. Rxc6 Nxc6 25. Bxd6 Rd8 26. Bc5 Rxd2 27. Rb1 Rc2 28. Be3 Na5 29. Rb5 Nc4 30. Rxb7 Nxa3 31. Ba7 Re2 32. Rb4 Re1+ 33. Kh2 Rb1 34. Ra4 Nb5 35. Be3 Nc3 36. Ra5 Rb5 37. Ra8+ Kh7 38. Bf1 Rb2 39. Kg2 Ncxe4 40. Ra5 Nd2 41. Rxe5 Nxf1 42. Kxf1 Kg6 43. g4 Rb4 44. Kg2 Re4 45. Ra5 h5 46. gxh5+ Nxh5 47. Rg5+ Kh6 48. Rg4+ Rxe3 49. fxe3 f5 50. Ra4 g6 51. Kf3 Kg5 52. Ra6 Ng7 53. h4+ Kh6 54. Kf4 Nh5+ 55. Ke5 Ng3 56. Ra8 Kg7 57. Kf4 Nf1 58. Ra2 Kh6 59. Rf2 Nxe3 60. Kxe3 Kh5 61. Kf4 Kh6 62. Ra2 Kh5 63. Ra7 Kh6 64. Ke5 Kh5 65. Rh7+ Kg4 66. Kf6 f4 67. Kxg6 f3 68. h5 f2 69. Rf7 Kg3 70. h6 Kg2 71. h7 f1=Q 72. Rxf1 Kxf1 73. h8=Q Kg2 74. Kf5 Kg1 75. Kf4 Kf1 76. Qb2 Kg1 77. Kf3 Kh1 78. Qg2# 1-0

[Event "EWICC 2019"]
[Site "Antalya"]
[Date "2019.04.14"]
[Round "4.55"]
[White "Koljevic, Nikolina"]
[Black "Zubova, Mariya"]
[Result "0-1"]
[WhiteElo "1917"]
[BlackElo "2149"]
[Annotator "NA"]
[PlyCount "78"]
[EventDate "2019.04.11"]
[EventType "swiss"]
[EventCountry "TUR"]
[SourceTitle "playchess.com"]
[Source "ChessBase"]
[SourceQuality "1"]

1. e4 e5 2. Nf3 Nc6 3. d4 exd4 4. Nxd4 Bb4+ 5. c3 Bc5 6. Be3 Bb6 7. Bc4 Nf6 8. Nxc6 bxc6 9. Bxb6 axb6 10. e5 Nd5 11. O-O Bb7 12. Qg4 O-O 13. Nd2 d6 14. Rae1 dxe5 15. Rxe5 Nf6 16. Qe2 c5 17. Rd1 Qc8 18. h3 Bc6 19. a3 Qb7 20. Nf3 h6 21. Bb3 Bxf3 22. Qxf3 Qxf3 23. gxf3 Rfe8 24. Rxe8+ Rxe8 25. Kf1 g6 26. Ba4 Re5 27. Rd8+ Kg7 28. Rc8 c4 29. Rxc7 b5 30. Bc2 Nd5 31. Rd7 Nf4 32. Be4 Rh5 33. Ke1 Rxh3 34. Rb7 h5 35. Rxb5 h4 36. Rg5 f5 37. Bxf5 Rh1+ 38. Kd2 Kf6 39. Rg4 Kxf5 0-1

[Event "EWICC 2019"]
[Site "Antalya"]
[Date "2019.04.14"]
[Round "4.56"]
[White "Ilyuchyk, Yana"]
[Black "Sieber, Fiona"]
[Result "1-0"]
[WhiteElo "2152"]
[BlackElo "2310"]
[Annotator "NA"]
[PlyCount "99"]
[EventDate "2019.04.11"]
[EventType "swiss"]
[EventCountry "TUR"]
[SourceTitle "playchess.com"]
[Source "ChessBase"]
[SourceQuality "1"]

1. e4 c5 2. Nf3 d6 3. d4 cxd4 4. Nxd4 Nf6 5. Nc3 a6 6. Be2 e6 7. O-O Be7 8. f4 O-O 9. Kh1 Qc7 10. a4 Nc6 11. Be3 Bd7 12. Nb3 b6 13. Bf3 Bc8 14. g4 Bb7 15. g5 Nd7 16. Bg2 Rfe8 17. Rf3 g6 18. Rh3 Nb4 19. Qd2 Bf8 20. Qf2 Re7 21. Rf1 Rae8 22. Bd4 e5 23. fxe5 Nxe5 24. Bxb6 Qb8 25. Bd4 Bc8 26. Rh4 Bg7 27. Rf4 Nbd3 28. cxd3 Nxd3 29. Qh4 Nxf4 30. Rxf4 Qxb3 31. Bxg7 Kxg7 32. Qh6+ Kh8 33. Nd5 Qd1+ 34. Rf1 Qh5 35. Nxe7 Qxh6 36. gxh6 Rxe7 37. Rd1 Kg8 38. Rxd6 Rd7 39. Rxd7 Bxd7 40. a5 Kf8 41. Kg1 Ke7 42. Kf2 f5 43. exf5 gxf5 44. Ke3 Bb5 45. Bf3 Kf6 46. Be2 f4+ 47. Kf2 Bxe2 48. Kxe2 Ke6 49. Kf3 Ke5 50. h3 1-0

[Event "EWICC 2019"]
[Site "Antalya"]
[Date "2019.04.14"]
[Round "4.57"]
[White "Duran, Esma Doga"]
[Black "Yildiz Kadioglu, Betul Cemre"]
[Result "0-1"]
[WhiteElo "2131"]
[BlackElo "2281"]
[Annotator "NA"]
[PlyCount "68"]
[EventDate "2019.04.11"]
[EventType "swiss"]
[EventCountry "TUR"]
[SourceTitle "playchess.com"]
[Source "ChessBase"]
[SourceQuality "1"]

1. d4 d5 2. c4 dxc4 3. e3 e5 4. Bxc4 exd4 5. exd4 Nf6 6. Nc3 Bd6 7. Bg5 O-O 8. Nge2 h6 9. Bh4 Nc6 10. Qd2 Be7 11. O-O-O Bf5 12. f3 Ne8 13. Bxe7 Qxe7 14. g4 Bh7 15. h4 Nd6 16. Nd5 Qd8 17. Bb3 a5 18. g5 a4 19. Bc2 Nf5 20. Be4 Qd6 21. Qd3 Ra5 22. Ne3 Nb4 23. Qb1 Nxe3 24. Bxh7+ Kh8 25. Be4 Nxd1 26. Kxd1 c5 27. a3 Nd5 28. gxh6 Ne3+ 29. Kd2 Qxh6 30. f4 Nc4+ 31. Kc3 cxd4+ 32. Nxd4 Nd6 33. f5 Qe3+ 34. Bd3 Rc5+ 0-1

[Event "EWICC 2019"]
[Site "Antalya"]
[Date "2019.04.14"]
[Round "4.58"]
[White "Palma, Maria"]
[Black "Semenova, Elena"]
[Result "1-0"]
[WhiteElo "1998"]
[BlackElo "2216"]
[Annotator "NA"]
[PlyCount "80"]
[EventDate "2019.04.11"]
[EventType "swiss"]
[EventCountry "TUR"]
[SourceTitle "playchess.com"]
[Source "ChessBase"]
[SourceQuality "1"]

1. c4 e6 2. Nf3 d5 3. g3 Nf6 4. b3 d4 5. Bg2 c5 6. e3 Nc6 7. O-O e5 8. exd4 exd4 9. Re1+ Be7 10. d3 O-O 11. Na3 Bg4 12. Qd2 Qd7 13. Bb2 Bd6 14. Nc2 Bxf3 15. Bxf3 Ne5 16. Bg2 Qf5 17. Rad1 Nf3+ 18. Bxf3 Qxf3 19. Qe2 Qf5 20. Kg2 h5 21. Qf3 Qxf3+ 22. Kxf3 Ng4 23. Kg2 h4 24. Re2 Rae8 25. Rde1 Rxe2 26. Rxe2 g6 27. Ne1 Ne5 28. Bc1 hxg3 29. hxg3 Nc6 30. Bd2 Kg7 31. Nf3 f6 32. Re4 Rd8 33. Re1 g5 34. Re2 Rc8 35. Ne1 Kf7 36. Nc2 Ne5 37. Ne1 Rg8 38. a3 Nc6 39. Nc2 Rb8 40. b4 Ra8 1-0

[Event "EWICC 2019"]
[Site "Antalya"]
[Date "2019.04.14"]
[Round "4.59"]
[White "Demirtas, Hafize"]
[Black "Utiatskaja, Irina"]
[Result "0-1"]
[WhiteElo "1888"]
[BlackElo "2210"]
[Annotator "NA"]
[PlyCount "172"]
[EventDate "2019.04.11"]
[EventType "swiss"]
[EventCountry "TUR"]
[SourceTitle "playchess.com"]
[Source "ChessBase"]
[SourceQuality "1"]

1. e4 c5 2. Nf3 e6 3. c3 d5 4. exd5 Qxd5 5. d4 Nf6 6. Be3 cxd4 7. cxd4 Be7 8. a3 O-O 9. Nc3 Qd8 10. Bd3 b6 11. O-O Ba6 12. Bxa6 Nxa6 13. Ne5 Nc7 14. Rc1 Nfd5 15. Qd3 Nxc3 16. Rxc3 Nd5 17. Rc2 Bf6 18. f4 Rc8 19. Rxc8 Qxc8 20. Bd2 Qb7 21. Qe4 Bxe5 22. dxe5 Qd7 23. Rc1 Rc8 24. Rc4 h6 25. Qc2 Rxc4 26. Qxc4 a5 27. Kf2 Ne7 28. Be3 Nf5 29. Qc2 Qd8 30. Qd2 Qc7 31. Qc3 Qb7 32. Qd3 Qc6 33. g4 Nxe3 34. Kxe3 Qc1+ 35. Qd2 Qg1+ 36. Kf3 Qf1+ 37. Ke3 Qh3+ 38. Ke4 Qxg4 39. Ke3 Qg1+ 40. Kf3 h5 41. Qd8+ Kh7 42. Qh4 Qd1+ 43. Ke3 Qb3+ 44. Ke4 Qc2+ 45. Ke3 Qxb2 46. Qxh5+ Kg8 47. Qd1 Qxa3+ 48. Ke4 Qb4+ 49. Ke3 Qc5+ 50. Ke2 Qd5 51. Qa4 Kh7 52. Qc2+ g6 53. Qa4 Qg2+ 54. Ke3 Qg1+ 55. Kf3 Qxh2 56. Qd7 Qh3+ 57. Ke4 Qf5+ 58. Ke3 g5 59. fxg5 Qxe5+ 60. Kf2 Qf4+ 61. Ke2 Kg6 62. Qd8 Kh5 63. Qxb6 Qxg5 64. Qc7 Kg6 65. Qc8 Qd5 66. Qg8+ Kf6 67. Qh8+ Ke7 68. Qh4+ Kd7 69. Qa4+ Kd6 70. Qe8 f5 71. Qd8+ Kc6 72. Qc8+ Kb5 73. Qb8+ Kc4 74. Qc7+ Kb3 75. Qb8+ Ka2 76. Ke1 a4 77. Qh2+ Ka1 78. Qh8+ e5 79. Qf8 Qe4+ 80. Kd2 Qd4+ 81. Ke1 Qc3+ 82. Ke2 f4 83. Qa8 a3 84. Qh1+ Kb2 85. Qb7+ Qb3 86. Qc6 Qc2+ 0-1

[Event "EWICC 2019"]
[Site "Antalya"]
[Date "2019.04.14"]
[Round "4.60"]
[White "Catal, Uktenur"]
[Black "Petrova, Irina"]
[Result "1/2-1/2"]
[WhiteElo "1820"]
[BlackElo "2164"]
[Annotator "NA"]
[PlyCount "113"]
[EventDate "2019.04.11"]
[EventType "swiss"]
[EventCountry "TUR"]
[SourceTitle "playchess.com"]
[Source "ChessBase"]
[SourceQuality "1"]

1. d4 d5 2. c4 c6 3. Nf3 Nf6 4. e3 Bf5 5. Nc3 e6 6. Bd3 Bg6 7. O-O Nbd7 8. b3 Bd6 9. Bb2 Ne4 10. Qc2 f5 11. Nd2 Qh4 12. f4 Ndf6 13. Nf3 Qh6 14. c5 Bc7 15. b4 Ng4 16. Bc1 a6 17. h3 Ngf6 18. Bxe4 Nxe4 19. Nxe4 fxe4 20. Ne5 Bf7 21. Bd2 Bh5 22. g4 Bf7 23. Kg2 Bxe5 24. dxe5 Qg6 25. Bc3 h5 26. g5 Qf5 27. Kh2 h4 28. a4 Bh5 29. b5 axb5 30. axb5 O-O 31. bxc6 bxc6 32. Qf2 Bf3 33. Qxh4 Kf7 34. Rxa8 Rxa8 35. Ra1 Rxa1 36. Bxa1 Kg8 37. Bd4 Qf7 38. Qf2 Qa7 39. g6 Qa8 40. Bb2 Qe8 41. Qh4 Qxg6 42. Qd8+ Kh7 43. Qh4+ Bh5 44. Qg5 Qe8 45. Bd4 Bf3 46. f5 Qa8 47. Kg3 Qe8 48. f6 g6 49. Qh4+ Bh5 50. Qf4 Qf7 51. h4 Kg8 52. Qh6 Qh7 53. Qxh7+ Kxh7 54. Kf2 Kg8 55. Ke1 Kf7 56. Kd2 Bf3 57. Ke1 1/2-1/2

[Event "EWICC 2019"]
[Site "Antalya"]
[Date "2019.04.14"]
[Round "4.61"]
[White "Represa Perez, Mireya"]
[Black "Alexanian, Nelli"]
[Result "1-0"]
[WhiteElo "2164"]
[BlackElo "2043"]
[Annotator "NA"]
[PlyCount "79"]
[EventDate "2019.04.11"]
[EventType "swiss"]
[EventCountry "TUR"]
[SourceTitle "playchess.com"]
[Source "ChessBase"]
[SourceQuality "1"]

1. e4 e6 2. d4 d5 3. Nd2 Nc6 4. Ngf3 Nf6 5. e5 Ng4 6. Nb3 Bd7 7. c3 f6 8. h3 Nh6 9. Bxh6 gxh6 10. Nh2 Qe7 11. Qh5+ Kd8 12. Nc5 fxe5 13. Nxb7+ Kc8 14. Ba6 Nb4 15. Qe2 Rb8 16. cxb4 Qxb4+ 17. Qd2 Rxb7 18. Bxb7+ Qxb7 19. O-O exd4 20. Qxd4 Rg8 21. Nf3 e5 22. Qxe5 Bd6 23. Qh5 d4 24. Rfd1 c5 25. Rac1 Be8 26. Qf5+ Bd7 27. Qf6 Qc6 28. Qf7 Rf8 29. Nxd4 Qe4 30. Qh5 Qf4 31. Nf3 Rg8 32. Qd5 Rg6 33. Qa8+ Kc7 34. Qxa7+ Kd8 35. Qa8+ Ke7 36. Re1+ Kf7 37. Qe4 Qxe4 38. Rxe4 Bc6 39. Rg4 Rf6 40. Nd2 1-0